Plantas medicinales mexicanas (Record no. 10614)

MARC details
000 -CABECERA
campo de control de longitud fija 00701nam a2200229 a 4500
001 - NÚMERO DE CONTROL
campo de control BRL_1806
005 - FECHA Y HORA DE LA ÚLTIMA TRANSACCIÓN
campo de control 20190320211357.0
008 - DATOS DE LONGITUD FIJA--INFORMACIÓN GENERAL
campo de control de longitud fija 040815s1964----mx-a######---#000-0#spa-#
041 ## - CÓDIGO DE LENGUA
Código de lengua del texto/banda sonora o título independiente spa
044 ## - CÓDIGO DEL PAÍS DE LA ENTIDAD EDITORA/PRODUCTORA
Código MARC del país mx
050 #4 - SIGNATURA TOPOGRÁFICA DE LA BIBLIOTECA DEL CONGRESO
Número de clasificación QK99.M4
Número de documento/Ítem .M38 1964
100 1# - ENTRADA PRINCIPAL--NOMBRE DE PERSONA
Nombre de persona Matzayani Luna, Xochitl
9 (RLIN) 27915
245 10 - MENCIÓN DE TÍTULO
Título Plantas medicinales mexicanas
Mención de responsabilidad, etc. Xochitl Matzayani Luna.
260 ## - PUBLICACIÓN, DISTRIBUCIÓN, ETC.
Lugar de publicación, distribución, etc. México
Nombre del editor, distribuidor, etc. Instituto Federal de Capacitación del Magisterio ; SEP
Fecha de publicación, distribución, etc. 1964
300 ## - DESCRIPCIÓN FÍSICA
Extensión 139 p.
Otras características físicas il.
Dimensiones 16 cm.
440 #0 - MENCIÓN DE SERIE/PUNTO DE ACCESO ADICIONAL--TÍTULO
Título Técnica y ciencia
Designación de volumen o secuencia 23
9 (RLIN) 27916
500 ## - NOTA GENERAL
Nota general Au2032
500 ## - NOTA GENERAL
Nota general Estado físico: Tiene rasgada la parte superior del lomo.
650 14 - PUNTO DE ACCESO ADICIONAL DE MATERIA--TÉRMINO DE MATERIA
Término de materia o nombre geográfico como elemento de entrada Botánica
Subdivisión geográfica México
9 (RLIN) 23646
902 ## - CATALOGADOR
Iniciales GRL
942 ## - ELEMENTOS DE PUNTO DE ACCESO ADICIONAL (KOHA)
Fuente del sistema de clasificación o colocación Library of Congress Classification
Tipo de ítem Koha Libros
Holdings
Estado de retiro Estado de pérdida Estado dañado No para préstamo Localización permanente Ubicación/localización actual Fecha de adquisición Número de inventario Total de préstamos Signatura topográfica completa Código de barras Fecha visto por última vez Precio válido a partir de Tipo de ítem Koha
El ejemplar forma parte de la colección y puede ser consultado según las políticas vigentes.       Biblioteca Centro de Estudios Ruth D. Lechuga Biblioteca Centro de Estudios Ruth D. Lechuga 04/08/2015 Au2032   QK99.M4 .M38 1964 (Au2032) GRL01981 22/03/2019 22/03/2019 Libros